Tottenham Hotspur Squad 2025/26 - Statistics

General Stats
  • This quiz has been taken 106 times
  • The average score is 24 of 29
Answer Stats
Hint Answer % Correct
GK Guglielmo Vicario
99%
CB Micky Van de Ven
95%
ST Richarlison
95%
CB Cristian Romero
93%
CAM James Maddison
91%
RB Pedro Porro
91%
ST Dominic Solanke
90%
LB Destiny Udogie
88%
CAM Xavi Simons
86%
CB Kevin Danso
85%
RW Mohammed Kudus
85%
RB Djed Spence
84%
CM Lucas Bergvall
84%
CM Rodrigo Bentancur
84%
RW Brennan Johnson
83%
LW Mathys Tel
83%
CDM Archie Gray
79%
CB Ben Davies
79%
CAM Dejan Kulusevski
78%
GK Antonin Kinsky
76%
CM Pape Matar Sarr
76%
CB Radu Dragusin
76%
LW Wilson Odobert
76%
CDM Yves Bissouma
73%
GK Brandon Austin
72%
ST Randal Kolo Muani
69%
CDM Joao Palhinha
67%
ST Dane Scarlett
66%
CB Kota Takai
52%
No matching quizzes found
Score Distribution
Percent of People with Each Score
Percentile by Number Answered
Your Score History
You have not taken this quiz